[Event "CZE-ch blitz"]
[Site "Prague"]
[Date "2018.12.22"]
[Round "11"]
[White "Caletka, Radomir"]
[Black "Cernousek, Lukas"]
[Result "0-1"]
[WhiteElo "2285"]
[BlackElo "2426"]
[PlyCount "41"]
[EventDate "2018.12.22"]
[EventType "swiss (blitz)"]
[EventRounds "15"]
[EventCountry "CZE"]
[SourceTitle "CBM 187 Extra"]
[Source "ChessBase"]
[SourceDate "2018.11.04"]
[SourceVersion "1"]
[SourceVersionDate "2018.11.04"]
[SourceQuality "1"]

1. e4 c5 2. Nf3 d6 3. d4 Nf6 4. Nc3 cxd4 5. Nxd4 a6 6. h3 e5 7. Nde2 h5 8. Bg5 Be6 9. Ng3 g6 10. Be2 Nbd7 11. Nf1 Qb6 12. Qd2 Qxb2 13. Rb1 Qa3 14. Rxb7 Rc8 15. Rxd7 Nxd7 16. Nd1 d5 17. exd5 Bb4 18. c3 Rxc3 19. dxe6 Rc7 20. exd7+ Rxd7 21. Bc4 0-1

[Event "CZE-ch blitz"]
[Site "Prague"]
[Date "2018.12.22"]
[Round "8"]
[White "Caletka, Radomir"]
[Black "Vojta, Tomas"]
[Result "1-0"]
[WhiteElo "2285"]
[BlackElo "2350"]
[PlyCount "103"]
[EventDate "2018.12.22"]
[EventType "swiss (blitz)"]
[EventRounds "15"]
[EventCountry "CZE"]
[SourceTitle "CBM 187 Extra"]
[Source "ChessBase"]
[SourceDate "2018.11.04"]
[SourceVersion "1"]
[SourceVersionDate "2018.11.04"]
[SourceQuality "1"]

1. e4 d5 2. exd5 Nf6 3. Bb5+ Nbd7 4. Nc3 a6 5. Be2 Nb6 6. Nf3 Bg4 7. 0-0 Nbxd5 8. Nxd5 Qxd5 9. d4 0-0-0 10. c4 Qh5 11. Be3 e5 12. d5 e4 13. Nd4 Bd6 14. g3 Bxe2 15. Qxe2 Ng4 16. f4 exf3 17. Rxf3 Nxh2 18. Qxh2 Qe5 19. Bf2 Bc5 20. Rd1 Rhe8 21. Qh3+ Kb8 22. Qf5 Bxd4 23. Bxd4 Qe2 24. Qd3 Qe7 25. Bf2 f6 26. Re3 Qd6 27. Rxe8 Rxe8 28. c5 Qd7 29. d6 c6 30. Re1 Ka7 31. Qd2 Re5 32. Rxe5 fxe5 33. Qg5 Qe6 34. Qe7 Qd5 35. d7 Qd1+ 36. Kg2 Qd5+ 37. Kh2 Qf3 38. Kg1 Qd1+ 39. Kg2 Qd5+ 40. Kh2 Qf3 41. d8Q Qxf2+ 42. Kh3 Qf5+ 43. Kg2 Qe4+ 44. Kf2 Qc2+ 45. Ke3 Qc1+ 46. Ke4 Qe1+ 47. Kf5 Qf1+ 48. Ke6 Qh3+ 49. Kd6 Qh6+ 50. Kc7 a5 51. Qb8+ Ka6 52. Qxb7# 1-0

[Event "CZE-chT 1819"]
[Site "Czech Republic"]
[Date "2018.11.04"]
[Round "2.6"]
[White "Babula, Vlastimil"]
[Black "Caletka, Radomir"]
[Result "1/2-1/2"]
[WhiteElo "2522"]
[BlackElo "2305"]
[PlyCount "83"]
[EventDate "2018.11.03"]
[EventType "team-tourn"]
[EventRounds "11"]
[EventCountry "CZE"]
[SourceTitle "CBM 187 Extra"]
[Source "ChessBase"]
[SourceDate "2018.11.04"]
[SourceVersion "1"]
[SourceVersionDate "2018.11.04"]
[SourceQuality "1"]
[WhiteTeam "Novoborsky"]
[BlackTeam "Poruba Slavoj"]
[WhiteTeamCountry "CZE"]
[BlackTeamCountry "CZE"]

1. d4 Nf6 2. c4 e6 3. Nc3 Bb4 4. e3 0-0 5. Bd3 d5 6. Nf3 c5 7. 0-0 cxd4 8. exd4 dxc4 9. Bxc4 b6 10. Bg5 Bb7 11. Re1 Nbd7 12. Rc1 Qb8 13. Bb3 Rc8 14. Qd3 a6 15. Ne5 Nxe5 16. dxe5 Ne8 17. a3 Bf8 18. h4 Bc6 19. h5 Qb7 20. Bc2 g6 21. hxg6 hxg6 22. Qh3 Bg7 23. Re3 b5 24. Rce1 Rab8 25. Bb1 a5 26. Ne2 b4 27. axb4 Qxb4 28. Nf4 Qb7 29. Qh4 Qxb2 30. Bxg6 fxg6 31. Nxg6 Rc7 32. Rh3 Qb4 33. Qh7+ Kf7 34. Nh8+ Kf8 35. Ng6+ Kf7 36. Rc1 Be4 37. Rf3+ Bxf3 38. Nh8+ Kf8 39. Ng6+ Kf7 40. Nh8+ Kf8 41. Ng6+ Kf7 42. Nh8+ 1/2-1/2

[Event "CZE-chT1E 1718"]
[Site "Czech Republic"]
[Date "2018.04.15"]
[Round "11.6"]
[White "Szotkowski, Jakub"]
[Black "Caletka, Radomir"]
[Result "1/2-1/2"]
[WhiteElo "2366"]
[BlackElo "2337"]
[PlyCount "55"]
[EventDate "2017.10.22"]
[EventType "team-tourn"]
[EventRounds "11"]
[EventCountry "CZE"]
[SourceTitle "EXT 2019"]
[Source "ChessBase"]
[SourceDate "2018.10.10"]
[SourceVersion "1"]
[SourceVersionDate "2018.10.10"]
[SourceQuality "1"]
[WhiteTeam "Trinec"]
[BlackTeam "Opava KVS"]
[WhiteTeamCountry "CZE"]
[BlackTeamCountry "CZE"]

1. d4 d5 2. c4 e6 3. Nf3 Nf6 4. g3 Bb4+ 5. Bd2 Bd6 6. Bg2 c6 7. 0-0 0-0 8. Nc3 Nbd7 9. Bf4 Bxf4 10. gxf4 b6 11. cxd5 exd5 12. Rc1 Bb7 13. e3 Qe7 14. Qc2 c5 15. Rfd1 Rfd8 16. Ne5 cxd4 17. Nxd7 dxc3 18. Nxf6+ Qxf6 19. bxc3 Rac8 20. Rd4 Rc7 21. Kh1 g6 22. Qd2 Rdc8 23. Bh3 Re8 24. Bg2 Rec8 25. Bf3 Kg7 26. Kg2 Ba8 27. Kg3 Rc5 28. h4 1/2-1/2